Luna nueva / (Registro nro. 3772)

Detalles MARC
000 -LEADER
fixed length control field 01010nam a2200217Ia 4500
003 - CONTROL NUMBER IDENTIFIER
control field OSt
005 - DATE AND TIME OF LATEST TRANSACTION
control field 20250416093115.0
008 - FIXED-LENGTH DATA ELEMENTS--GENERAL INFORMATION
fixed length control field 191128t2008 mx er 000 f spa d
020 ## - INTERNATIONAL STANDARD BOOK NUMBER
International Standard Book Number 9789801500438
040 ## - CATALOGING SOURCE
Original cataloging agency CO-JMCR
Transcribing agency CO-JMCR
041 ## - LANGUAGE CODE
Language code of text/sound track or separate title spa
082 04 - DEWEY DECIMAL CLASSIFICATION NUMBER
Classification number A-N
Item number MEYl
100 1# - MAIN ENTRY--PERSONAL NAME
Personal name Meyer, Stephenie,
Dates associated with a name 1973
Relator term autora
9 (RLIN) 7616
245 10 - TITLE STATEMENT
Title Luna nueva /
Statement of responsibility, etc. Stephenie Meyer
260 ## - PUBLICATION, DISTRIBUTION, ETC.
Place of publication, distribution, etc. México :
Name of publisher, distributor, etc. Alfaguara,
Date of publication, distribution, etc. ©2008
300 ## - PHYSICAL DESCRIPTION
Extent 579 páginas ;
Dimensions 22 cm.
505 ## - FORMATTED CONTENTS NOTE
Formatted contents note La fiesta -- Los puntos -- El final -- El despertar -- El engaño -- Amigos -- Repetición -- Adrenalina -- Tres ruedas -- El prado -- La secta -- Intruso -- Asesino -- La familia -- Bajo presión -- Paris
520 ## - SUMMARY, ETC.
Summary, etc. Cuando el papel me cortó el dedo, sólo salió una gota de sangre del pequeño rasguño. Entonces, todo pasó muy rápido. "¡No!", rugió Edward. Se arrojo sobre mí, lanzándome contra la mesa y aterricé en un montón de cristales hechos añicos.
650 14 - SUBJECT ADDED ENTRY--TOPICAL TERM
Topical term or geographic name entry element Vampiros en la literatura
9 (RLIN) 1005
942 ## - ADDED ENTRY ELEMENTS (KOHA)
Source of classification or shelving scheme Dewey Decimal Classification
Koha item type Books
Existencias
Withdrawn status Lost status Source of classification or shelving scheme Damaged status Not for loan Collection code Home library Current library Date acquired Source of acquisition Total Checkouts Total Renewals Full call number Barcode Date last seen Date last checked out Copy number Koha item type
    Dewey Decimal Classification     Fiction Biblioteca Pública José María del Castillo y Rada Biblioteca Pública José María del Castillo y Rada 11/28/2019 Donación 17 6 A-N MEYl 201808097 02/17/2026 02/17/2026 Ej.1 Books